Welcome to the Holygrace Academy Library

Please use search bar below to get started

QUESTION BANK (Record no. 6872)

MARC details
000 -LEADER
fixed length control field 00250nam a22001217a 4500
020 ## - INTERNATIONAL STANDARD BOOK NUMBER
ISBN 9789388462587
082 ## - DEWEY DECIMAL CLASSIFICATION NUMBER
Classification number 510
Item number OSW/M
245 ## - TITLE STATEMENT
Title QUESTION BANK
260 ## - PUBLICATION, DISTRIBUTION, ETC. (IMPRINT)
Place of publication AGRA
Name of publisher OSWAAL BOOKS
300 ## - PHYSICAL DESCRIPTION
Number of Pages 296
650 ## - SUBJECT ADDED ENTRY--TOPICAL TERM
Topical Term QUESTION BANK
Geographic subdivision AGRA
942 ## - ADDED ENTRY ELEMENTS (KOHA)
Koha item type Books
Holdings
Withdrawn status Lost status Collection code Home library Current library Shelving location Date acquired Source of acquisition Full call number Accession Number Koha item type
    Reference Main Library Main Library NEW SHELF WITH NEW ENTRY 27/09/2023 PURCHASE 510 OSW/M 12892 Books